| 000 | 00490nam a2200181 a 4500 | ||
|---|---|---|---|
| 005 | 20140310183302.0 | ||
| 008 | 050607s19uu xx 00 eng d | ||
| 020 | _a9712337472 | ||
| 050 |
_aHF 5415.12.P6 _b.M523 2003 |
||
| 100 | _aMendoza, Shirley I. | ||
| 245 |
_aModules for marketing / _cShirley I. Mendoza |
||
| 260 |
_aManila : _bRex Bookstore, _c2003. |
||
| 300 |
_a184 p. : _bill. ; _c22 cm. |
||
| 521 | _aBSBA | ||
| 650 | _aMarketing. | ||
| 942 |
_cBK _2lcc _kLOC |
||
| 999 |
_c21003 _d21003 |
||